| 000 | 00469nam a2200169Ia 4500 | ||
|---|---|---|---|
| 003 | SGT | ||
| 020 | _a9788178083001 | ||
| 082 |
_a6.3 _bHAY |
||
| 100 | _aHaykin,Simon | ||
| 245 | _aNEURAL NETWORKS | ||
| 250 | _a2nd . Ed. | ||
| 260 |
_bPHI Learning Private Limited _aNew Delhi _c1999 |
||
| 300 | _a842p. | ||
| 650 | _aCOMPUTER SCIENCE | ||
| 653 | _aLEARNING PROCESSES,ERROR-CORRECTION LEARNING, MEMORY- BASED LEARNING ,SINGLE LAYER PERCEPTIONS | ||
| 942 |
_2ddc _cBK _01 |
||
| 999 |
_c5336 _d5336 |
||